Návrh a realizácia evidenčného systému pre VD Gabčíkovo : Bakalárska práca

Guardado en:
Detalles Bibliográficos
Autor principal: Nagyová, Andrea (Autor)
Otros Autores: Makyš, Peter (xxx)
Formato: Manuscrito Libro
Lenguaje:eslovaco
Publicado: Trnava : STU v Bratislave MtF KAIA, 2003
Materias:
Etiquetas: Agregar Etiqueta
Sin Etiquetas, Sea el primero en etiquetar este registro!

MARC

LEADER 00000ntm a22000003a 4500
001 stu84342
005 20160719154805.3
008 040226s2003----xo------------------slo-d
040 |a STU  |b slo 
041 0 |a slo 
044 |a xo 
100 1 |a Nagyová, Andrea  |4 aut 
245 1 |a Návrh a realizácia evidenčného systému pre VD Gabčíkovo :  |b Bakalárska práca 
260 |a Trnava :  |b STU v Bratislave MtF KAIA,  |c 2003 
300 |a 42 s  |c príl 
650 7 |a systémy evidenčné  |2 stusub 
650 7 |a aplikovaná informatika a automatizácia v priemysle  |2 stusub 
700 1 |a Makyš, Peter  |4 xxx  |u M180  |U MTF Materiálovotechnologická fakulta  |T MTF Katedra aplikovanej informatiky a automatizácie  |X 1000606875  |U M180  |Y 166  |7 1000606875 
996 |b 284M055108  |c M*BP-508  |l MMSKP  |s P  |a 0  |w stu84342_0001